000 01363nam a2200349 a 4500
001 000109017
003 CHAP
005 20220329144034.0
008 140328s2013 mx | |sm |||||||spa|d
010 _a105479
011 _a106451
040 _cCHAP
090 _aTesis
100 1 _aPaez Lamadrid, Doroteo
_9126110
245 1 0 _aPlan de financiamiento acuícola para el municipio de San Ignacio Sinaloa (Área Natural Protegida de Flora y Fauna Meseta de Cacaxtla)
_h[En línea]
_cpor Doroteo Páez Lamadrid.
260 _aChapingo, Méx. :
_bEl autor,
_c2013.
500 _aPara ver el contenido del material haga clic en la liga
502 _aTesis (Ing. Agr. Esp. en Economía Agrícola) -- UACH. División de Ciencias Económico Administrativas
590 _aBATCH-UPD
_b10
_c20141002
_lUCH01
_h0859
590 _aE11695DGD
_b10
_c20140404
_lUCH01
_h1044
590 _aE792CSJ
_b05
_c20140328
_lUCH01
_h1038
590 _aE792CSJ
_b05
_c20140328
_lUCH01
_h1039
650 1 4 _aAcuicultura
_9758
650 1 4 _aÁreas protegidas
_zSinaloa.
_9126121
650 1 4 _aCamarón congelado
_xNormas de calidad.
_917770
650 1 4 _aCamarón
_xCultivo
_xInfraestructura.
_9126119
650 1 4 _aInfraestructura
_xFinanciación.
_9126120
856 _aFinding aid
_uhttp://10.13.5.2/tesis/sist109017.pdf
_zTeclea aquí
901 _aBK
942 _cTESIS
942 _n0
999 _c105479
_d105479